Normal view
MARC view
Entry Término temático
001 - NÚMERO DE CONTROL
- campo de control: 138105
003 - IDENTIFICADOR DEL NÚMERO DE CONTROL
- campo de control: OSt
005 - FECHA Y HORA DE LA ÚLTIMA TRANSACCIÓN
- campo de control: 20220127155844.0
008 - DATOS DE LONGITUD FIJA
- campo de control de longitud fija: 220127|| aca||aabn | a|a d
040 ## - FUENTE DE LA CATALOGACIÓN
- Centro catalogador/agencia de origen: OSt
- Centro/agencia transcriptor: OSt
150 ## - ENCABEZAMIENTO--TÉRMINO DE MATERIA
- Término de materia o nombre geográfico como elemento de entrada: Alimentos y alimentación del ganado
- Subdivisión general: Industria I. Conner, J. R. II. Wenzel, G K
670 ## - FUENTE DE DATOS ENCONTRADOS
- Cita de la fuente: Work cat.: (OSt)164044: Dietrich, R A 32547, The Texas drylot lamb feeding industry : operational characteristics and costs /, 1990
